000 01593nam a22002657a 4500
999 _c57667
_d57667
003 Ge_BSU
005 20200901134650.0
008 200901s2016 ge ||||| |||| 00| 0 geo d
020 _a9789941252297
041 _ageo
080 _a342.4(082) შ-52
245 _aშესავალი საკონსტიტუციო სამართალში:
_cვ.გონაშვილი, ქ.ერემაძე, გ.თევდორაშვილი, გ. კახიანი, გ.კვერენჩხილაძე,ნ.ჭიღლაძე;ივ. ჯავახიშვილის სახ.სახ.უნივერსიტეტი.
264 _a(თბ.:
_b გამომცემლობა "მერიდიანი",
_c2016.
300 _a 505 გვ.
_b24 სმ.
504 _aბიბლიოგრ. თავების ბოლოს
653 _aსამართალი
700 _aგონაშვილი, ვ .
_eავტორი
_92853
700 _aერემაძე, ქეთევან
_eავტორი
_92904
700 _aთევდორაშვილი, გიორგი
_eავტორი
_95322
700 _aკახიანი, გიორგი
_eავტორი
_99363
700 _aკვერენჩხილაძე, გიორგი
_eავტორი
_95323
700 _aჭიღლაძე, ნანა
_eავტორი
_99364
710 _aჯავახიშვილის სახ.სახ.უნივერსიტეტი.
_99365
942 _2udc
_cBK